000
00324nam a22001457a 4500
003
SGT
020
_a
978-93-86150-35-6
082
_a
615.1
_b
J17H
100
_a
HANS, PANKAJ
245
_a
JAYPEE'S NURSING DRUG BOOK 2017-2018
250
_a
2ND
260
_a
INDIA
_b
JAYPEE PUB
_c
2017
300
_a
920
942
_2
ddc
_c
BK
999
_c
18263
_d
18263